[Event "Pardubice Czech op-D 30th"]
[Site "Pardubice"]
[Date "2019.07.25"]
[Round "7"]
[White "Borysiuk, Sofiia Khrystyna"]
[Black "Benci, Rudolf"]
[Result "1-0"]
[WhiteElo "1297"]
[BlackElo "1657"]
[PlyCount "57"]
[EventDate "2019.07.20"]
[EventType "swiss"]
[EventRounds "9"]
[EventCountry "CZE"]
[SourceTitle "EXT 2020"]
[Source "ChessBase"]
[SourceDate "2019.10.17"]
[SourceVersion "1"]
[SourceVersionDate "2019.10.17"]
[SourceQuality "1"]

1. d4 d5 2. c4 c6 3. Nc3 Nf6 4. Nf3 dxc4 5. e3 Bf5 6. Bxc4 e6 7. 0-0 Nbd7 8. b3 h6 9. Re1 Bb4 10. Bd2 0-0 11. h3 Qe7 12. e4 Bh7 13. d5 Nb6 14. e5 Nfxd5 15. Ne4 Bxe4 16. Rxe4 Bxd2 17. Qxd2 Rfd8 18. Qc1 Nxc4 19. Rxc4 Nb6 20. Rg4 Kh7 21. Qc2+ Kh8 22. Qe4 Nd7 23. Nh4 Nf8 24. Re1 Rd2 25. a4 Rad8 26. Re3 Qc5 27. Qf4 R8d7 28. Reg3 Rxf2 29. Qxh6+ 1-0